Tate McRae or... Dua Lipa - Statistics

General Stats
  • This quiz has been taken 609 times
  • The average score is 27 of 30
Answer Stats
Hint Answer % Correct
Greedy Tate McRae
96%
You Broke Me First Tate McRae
96%
Sports Car Tate McRae
95%
Houdini Dua Lipa
94%
She's All I Wanna Be Tate McRae
94%
Revolving Door Tate McRae
94%
Miss Possessive Tate McRae
94%
Exes Tate McRae
94%
Hallucinate Dua Lipa
93%
Illusion Dua Lipa
93%
Run For The Hills Tate McRae
93%
2 Hands Tate McRae
93%
Physical Dua Lipa
92%
Fever Dua Lipa
92%
Training Season Dua Lipa
92%
Hurt My Feelings Tate McRae
90%
Kiss And Make Up Dua Lipa
89%
These Walls Dua Lipa
89%
Be The One Dua Lipa
88%
I Know Love Tate McRae
87%
Pretty Please Dua Lipa
86%
We're Good Dua Lipa
86%
We're Not Alike Tate McRae
85%
Happy For You Dua Lipa
83%
Cool Dua Lipa
82%
What Would You Do? Tate McRae
82%
Boys Will Be Boys Dua Lipa
81%
Stay Done Tate McRae
79%
Anything For Love Dua Lipa
76%
Boy X Tate McRae
73%
No matching quizzes found
Score Distribution
Percent of People with Each Score
Percentile by Number Answered
Your Score History
You have not taken this quiz